Normal view
MARC view
Entry Personal Name
001 - CONTROL NUMBER
- control field: 19508
003 - CONTROL NUMBER IDENTIFIER
- control field: OSt
005 - DATE AND TIME OF LATEST TRANSACTION
- control field: 20251107150446.0
008 - FIXED-LENGTH DATA ELEMENTS
- fixed length control field: 251107|| aca||aabn | a|a d
040 ## - CATALOGING SOURCE
- Original cataloging agency: OSt
- Transcribing agency: OSt
100 ## - HEADING--PERSONAL NAME
- Personal name: Edited by Sabatรฉ, Eduardo
670 ## - SOURCE DATA FOUND
- Source citation: Work cat.: (OSt)8103: Edited by Sabatรฉ, Eduardo, Adherence to Long-term Therapies :, 2003.
